000 00256nam a2200097Ia 4500
082 _aETF NATI
245 0 _aE.T., the extra-terrestrial
100 _a NATION, Michael Harlow, 2002
_978272
942 _cBK
008 210817s9999 xx 000 0 und d
999 _c270171
_d270170